Most Popular Brass Instruments - Statistics

General Stats
  • This quiz has been taken 30 times
  • The average score is 8 of 14
Answer Stats
Answer % Correct
Trumpet
97%
Trombone
93%
Tuba
93%
French Horn
90%
Cornet
66%
Euphonium
66%
Baritone
62%
Bass Trombone
41%
Bugle
41%
Flugelhorn
34%
Sousaphone
31%
Mellophone
28%
Tenor Horn
21%
Wagner Tuba
0%
No matching quizzes found
Score Distribution
Percent of People with Each Score
Percentile by Number Answered
Your Score History
You have not taken this quiz